Statistics for Hello in Different Languages

Click here to take the quiz!

General Stats

  • This quiz has been taken 37 times
  • The average score is 8 of 10

Answer Stats

HintAnswer% Correct
HelloEnglish
100%
BonjourFrench
100%
HolaSpanish
100%
Nin haoMandarin/Chinese
93%
Guten TagGerman
90%
OlaPortuguese
77%
SalveItalian
67%
YassasGreek
53%
GoddagDanish
50%
TereEstonian
30%

Score Distribution

Percentile by Number Answered

Percent of People with Each Score

Your Score History

You have not taken this quiz